[Event "DSOL 01 Liga Gr-A 1st"]
[Site "Playchess.com INT"]
[Date "2020.07.16"]
[Round "4.2"]
[White "Siegmann, Steffen"]
[Black "Nagel, Bernhard"]
[Result "0-1"]
[WhiteElo "1910"]
[BlackElo "2146"]
[PlyCount "112"]
[EventDate "2020.06.22"]
[EventType "team-tourn (rapid)"]
[EventCountry "GER"]
[SourceTitle "EXT 2021"]
[Source "ChessBase"]
[SourceDate "2020.10.23"]
[SourceVersion "1"]
[SourceVersionDate "2020.10.23"]
[SourceQuality "1"]
[WhiteTeam "Rinteln"]
[BlackTeam "Koeln Lasker"]
[WhiteTeamCountry "GER"]
[BlackTeamCountry "GER"]

1. Nf3 Nf6 2. g3 b6 3. Bg2 Bb7 4. d3 g6 5. 0-0 Bg7 6. Nbd2 0-0 7. e4 d6 8. Re1 c5 9. Qe2 Nbd7 10. Nf1 Ne5 11. h4 Nxf3+ 12. Bxf3 Nd7 13. Bg4 Ne5 14. Bh3 Nc6 15. c3 d5 16. Bd2 e6 17. Bg5 Qd7 18. Rad1 d4 19. c4 a6 20. h5 f6 21. Bc1 Rfe8 22. f4 f5 23. g4 fxe4 24. dxe4 Nb4 25. a3 d3 26. axb4 Bd4+ 27. Qe3 Bxe3+ 28. Rxe3 Qf7 29. Rexd3 Bxe4 30. Rd7 Re7 31. R7d6 cxb4 32. b3 Qf6 33. Ng3 Bc2 34. R1d4 Qf7 35. Bg2 Rae8 36. f5 Qf6 37. Bf4 g5 38. Bd2 Qe5 39. Kh2 h6 40. Bxb4 a5 41. Ba3 Qe3 42. Rd8 Rxd8 43. Rxd8+ Kf7 44. fxe6+ Rxe6 45. Bd5 Kf6 46. Bxe6 Qf2+ 47. Kh3 Kxe6 48. Rd6+ Ke5 49. Rd5+ Ke6 50. Rd6+ Kf7 51. Rxh6 Bd3 52. Bd6 Qf3 53. Kh2 a4 54. Be5 Qf2+ 55. Kh3 Bf1+ 56. Nxf1 Qxf1+ 0-1

[Event "Hannover-ch U16/18"]
[Site "Lehrte"]
[Date "2011.10.16"]
[Round "4"]
[White "Siegmann, Steffen"]
[Black "Weissbrot, Eduard"]
[Result "1/2-1/2"]
[WhiteElo "1701"]
[BlackElo "1256"]
[PlyCount "96"]
[EventDate "2011.10.15"]
[EventType "swiss"]
[EventRounds "7"]
[EventCountry "GER"]
[SourceTitle "EXT 2021"]
[Source "ChessBase"]
[SourceDate "2020.10.23"]
[SourceVersion "1"]
[SourceVersionDate "2020.10.23"]
[SourceQuality "1"]

1. e4 c5 2. c3 d6 3. d4 cxd4 4. cxd4 Nf6 5. Nc3 g6 6. Nf3 Bg7 7. h3 0-0 8. Bd3 Nc6 9. 0-0 Bd7 10. Be3 Nb4 11. Bb1 e6 12. a3 Nc6 13. Bd3 Rc8 14. Rc1 Na5 15. Qe2 a6 16. b4 Nb3 17. Rc2 a5 18. Rb1 a4 19. Bc4 Qc7 20. Nxa4 Bxa4 21. Bxb3 Qd7 22. Bg5 Rxc2 23. Bxc2 Bxc2 24. Qxc2 Rc8 25. Qd3 Qc6 26. Rc1 Qd7 27. Rc2 Ra8 28. Nd2 Qa4 29. Rc3 Nd7 30. Nc4 d5 31. Nb2 Qa7 32. e5 f6 33. Bf4 fxe5 34. dxe5 Nxe5 35. Qg3 Nc4 36. Nxc4 Bxc3 37. Qxc3 dxc4 38. Qxc4 Qb6 39. Qc3 Qc6 40. Qb2 Qd7 41. Bh6 Qe7 42. Qc3 g5 43. Qg3 Qf6 44. Bxg5 Qg6 45. Qe3 Qf5 46. Bf4 Qf6 47. Be5 Qf5 48. Kh2 Rf8 1/2-1/2

[Event "Niedersachsen-chT U14"]
[Site "Verden an der Aller"]
[Date "2009.05.22"]
[Round "4.1"]
[White "Siegmann, Steffen"]
[Black "Hapke, Moritz"]
[Result "1-0"]
[WhiteElo "1240"]
[BlackElo "1050"]
[PlyCount "57"]
[EventDate "2009.05.21"]
[EventType "team-tourn"]
[EventRounds "7"]
[EventCountry "GER"]
[SourceTitle "EXT 2010"]
[Source "ChessBase"]
[SourceDate "2010.11.25"]
[SourceVersion "1"]
[SourceVersionDate "2010.11.25"]
[SourceQuality "1"]
[WhiteTeam "Bueckeburg"]
[BlackTeam "Ricklingen"]
[WhiteTeamCountry "GER"]
[BlackTeamCountry "GER"]

1. e4 e5 2. Nf3 Nc6 3. Bc4 Bc5 4. b4 Bb6 5. a4 a5 6. b5 Nd4 7. c3 Nxf3+ 8. Qxf3 Nf6 9. 0-0 0-0 10. Bb2 d6 11. h3 Be6 12. Bxe6 fxe6 13. Qe2 Qe8 14. d4 exd4 15. cxd4 Qg6 16. Nd2 Nh5 17. Qg4 Qh6 18. Nc4 Rf4 19. Qe2 Qg6 20. Rae1 d5 21. exd5 exd5 22. Nxb6 cxb6 23. Qe5 Rf5 24. Qe6+ Kh8 25. Qxg6 hxg6 26. g4 Rg5 27. f4 Nxf4 28. Rxf4 Kg8 29. h4 1-0